| 000 | 00647nac a22001451u 4500 | ||
|---|---|---|---|
| 008 | 080901s1980 le|||||r||| 000 0 ra d | ||
| 082 |
_a182 _bف ا ت _222 |
||
| 240 |
_aLos Bocados de Oro (Mujtar Al-Hikam) _lArabic |
||
| 245 |
_aمختار الحكم ومحاسن الكلم/ _cأبي الوفاء المبشر بن فاتك؛ حققه وقدم له وعلق عليه عبد الرحمن بدوي |
||
| 260 |
_aبيروت: _bالمؤسسة العربية للدراسات والنشر، 1980 _c1980. |
||
| 300 |
_a372 ؛ص _c24 سم |
||
| 511 | _aCatalogued by: Sara | ||
| 541 | _aالف باء ؛ | ||
| 942 |
_cBB _k182 ف ا ت _2ddc |
||
| 999 |
_c6724 _d6724 |
||